Vienna Concert (The) (Record n. 102783)

Dettagli MARC
000 -LEADER
fixed length control field 03569njm a2200529Ia 4500
001 - CONTROL NUMBER
control field B5134
003 - CONTROL NUMBER IDENTIFIER
control field IT-RoPAU
005 - DATE AND TIME OF LATEST TRANSACTION
control field 20220918181158.0
008 - FIXED-LENGTH DATA ELEMENTS--GENERAL INFORMATION
fixed length control field 131025s9999 xx 000 0 und d
040 ## - CATALOGING SOURCE
Original cataloging agency IT-RoPAU
040 ## - CATALOGING SOURCE
Transcribing agency IT-RoPAU
999 ## - SYSTEM CONTROL NUMBERS (KOHA)
Koha Dewey Subclass [OBSOLETE] n.d.
100 ## - MAIN ENTRY--PERSONAL NAME
Personal name AA.VV.
9 (RLIN) 794
100 ## - MAIN ENTRY--PERSONAL NAME
Relator term Autore musica
9 (RLIN) 28883
100 ## - MAIN ENTRY--PERSONAL NAME
Miscellaneous information Codice autore musica SPICS: 12000
9 (RLIN) 796
245 ## - TITLE STATEMENT
Title Vienna Concert (The)
250 ## - EDITION STATEMENT
Edition statement 2a ed.
260 ## - PUBLICATION, DISTRIBUTION, ETC. (IMPRINT)
Place of publication, distribution, etc. MILANO
260 ## - PUBLICATION, DISTRIBUTION, ETC. (IMPRINT)
Name of publisher, distributor, etc. MONDADORI
Date of publication, distribution, etc. 1993 [1a Ed.:1968 - Ed. Lingua Orig.: 1968]
300 ## - PHYSICAL DESCRIPTION
Extent COMPACT DISC
300 ## - PHYSICAL DESCRIPTION
Dimensions 72 minuti (Testo: 0 pag.)
500 ## - GENERAL NOTE
General note Musica jazz. Compact disc fuori commercio allegato alla rivista "Musica jazz".
505 ## - FORMATTED CONTENTS NOTE
Formatted contents note The Lamp Is Low [(Vienna, Konzerthaus 9 novembre 1968) (8:00)] - Never Say Yes [(Vienna, 9 novembre 1968) (9:00)] - Summer Samba [(Vienna, 9 novembre 1968) (6:00)] - Li'l Darlin' [(Vienna, 9 novembre 1968) (8:00)] - Medley: I Concentrate On You / I Got It Bad [(Vienna, 9 novembre 1968) (9:00)] - You Look Good To Me [(Vienna, 9 novembre 1968) (7:00)] - Let's Fall In Love [(Vienna, 9 novembre 1968) (5:00)] - Someday My Prince Will Come [(Vienna, 9 novembre 1968) (5:00)] - On A Clear Day [(Vienna, 9 novembre 1968) (5:00)] - Waltz For Debby [(Vienna, 9 novembre 1968) (9:00)] - Noreen's Nocturne [(Vienna, 9 novembre 1968) (5:00)]
511 ## - PARTICIPANT OR PERFORMER NOTE
Participant or performer note Peterson Oscar: p; Jones Sam: cb; Durham Bobby: batt; Oscar Peterson Trio
511 ## - PARTICIPANT OR PERFORMER NOTE
Participant or performer note Peterson Oscar: p; Jones Sam: cb; Durham Bobby: batt; Oscar Peterson Trio
650 ## - SUBJECT ADDED ENTRY--TOPICAL TERM
Topical term or geographic name as entry element JAZZ [COMPACT DISC]
Relator term Codice MATERIA SPICS: 9949
9 (RLIN) 11822
700 ## - ADDED ENTRY--PERSONAL NAME
Personal name Peterson Oscar
Miscellaneous information Codice interprete SPICS: 16170
9 (RLIN) 28884
Relator term Interprete
700 ## - ADDED ENTRY--PERSONAL NAME
Personal name Ravel Maurice
Miscellaneous information Codice autore musica SPICS: 2180
Relator term Autore musica
Name of part/section of a work The Lamp Is Low
9 (RLIN) 28885
700 ## - ADDED ENTRY--PERSONAL NAME
Personal name Parish Mitchell
Miscellaneous information Codice autore SPICS: 23767
Relator term Autore
Name of part/section of a work The Lamp Is Low
9 (RLIN) 28886
700 ## - ADDED ENTRY--PERSONAL NAME
Personal name De Rose P.
Miscellaneous information Codice autore testo/musica SPICS: 18923
Relator term Autore testo/musica
Name of part/section of a work The Lamp Is Low
9 (RLIN) 28887
700 ## - ADDED ENTRY--PERSONAL NAME
Personal name Peterson Oscar
Miscellaneous information Codice autore musica SPICS: 16170
Relator term Autore musica
Name of part/section of a work Never Say Yes - Noreen's Nocturne
9 (RLIN) 28888
700 ## - ADDED ENTRY--PERSONAL NAME
Personal name Valle M.
Miscellaneous information Codice autore musica SPICS: 27567
Relator term Autore musica
Name of part/section of a work Summer Samba
9 (RLIN) 28889
700 ## - ADDED ENTRY--PERSONAL NAME
Personal name Valle P.
Miscellaneous information Codice autore SPICS: 27568
Relator term Autore
Name of part/section of a work Summer Samba
9 (RLIN) 28890
700 ## - ADDED ENTRY--PERSONAL NAME
Personal name Gimbel Norman
Miscellaneous information Codice autore testo/musica SPICS: 14452
Relator term Autore testo/musica
Name of part/section of a work Summer Samba
9 (RLIN) 28891
700 ## - ADDED ENTRY--PERSONAL NAME
Personal name Hefti Neal
Miscellaneous information Codice autore musica SPICS: 20452
Relator term Autore musica
Name of part/section of a work Li'l Darlin'
9 (RLIN) 28892
700 ## - ADDED ENTRY--PERSONAL NAME
Personal name Porter Cole
Miscellaneous information Codice autore musica SPICS: 13034
Relator term Autore musica
Name of part/section of a work Medley: I Concentrate On You / I Got It Bad
9 (RLIN) 28893
700 ## - ADDED ENTRY--PERSONAL NAME
Personal name Ellington Duke
Miscellaneous information Codice autore SPICS: 13023
Relator term Autore
Name of part/section of a work Medley: I Concentrate On You / I Got It Bad
9 (RLIN) 28894
700 ## - ADDED ENTRY--PERSONAL NAME
Personal name Lefco-Wells
Miscellaneous information Codice autore musica SPICS: 38277
Relator term Autore musica
Name of part/section of a work You Look Good To Me
9 (RLIN) 28895
700 ## - ADDED ENTRY--PERSONAL NAME
Personal name Arlen Harold
Miscellaneous information Codice autore musica SPICS: 13025
Relator term Autore musica
Name of part/section of a work Let's Fall In Love
9 (RLIN) 28896
700 ## - ADDED ENTRY--PERSONAL NAME
Personal name Koehler T.
Miscellaneous information Codice autore SPICS: 15819
Relator term Autore
Name of part/section of a work Let's Fall In Love
9 (RLIN) 28897
700 ## - ADDED ENTRY--PERSONAL NAME
Personal name Churchill
Miscellaneous information Codice autore musica SPICS: 13393
Relator term Autore musica
Name of part/section of a work Someday My Prince Will Come
9 (RLIN) 28898
700 ## - ADDED ENTRY--PERSONAL NAME
Personal name Morey
Miscellaneous information Codice autore SPICS: 25269
Relator term Autore
Name of part/section of a work Someday My Prince Will Come
9 (RLIN) 28899
700 ## - ADDED ENTRY--PERSONAL NAME
Personal name Lerner Alan Jay
Miscellaneous information Codice autore musica SPICS: 27495
Relator term Autore musica
Name of part/section of a work On A Clear Day
9 (RLIN) 28900
700 ## - ADDED ENTRY--PERSONAL NAME
Personal name Loewe Frederick
Miscellaneous information Codice autore SPICS: 10988
Relator term Autore
Name of part/section of a work On A Clear Day
9 (RLIN) 28901
700 ## - ADDED ENTRY--PERSONAL NAME
Personal name Evans Bill
Miscellaneous information Codice autore musica SPICS: 16457
Relator term Autore musica
Name of part/section of a work Waltz For Debby
9 (RLIN) 28902
942 ## - ADDED ENTRY ELEMENTS (KOHA)
Koha item type CD AUDIO
Source of classification or shelving scheme Dewey Decimal Classification
Dati di copia
Withdrawn status Lost status Damaged status Not for loan Home library Current library Date acquired Total Checkouts Full call number Date last seen Price effective from Koha item type Public note
    Buone Condizioni Not For Loan SPICS-MEDIATECA SPICS-MEDIATECA 25/10/2013   B5134 25/10/2013 25/10/2013 CD AUDIO Progr. Ins.: 624 / N.Vol.: 1 / Copie: 1 - Copia rara: n.d. / date import: 01.01.2014 - By Epidotti, Trombetti, Vaglietti
CREDITS: SOCIETA' SAN PAOLO Via A.Severo, 58 - ROMA (RM) & PERIODICI SAN PAOLO SRL Via Giotto, 36 MILANO & CISF Via Giotto, 36 MILANO & EDIZIONI SAN PAOLO SRL,  Piazza Soncino, 5 CINISELLO BALSAMO (MI) -- ITALY